FCT, Abuja. (Record no. 38034)

MARC details
000 -LEADER
fixed length control field 00746nam a2200157Ia 4500
022 ## - INTERNATIONAL STANDARD SERIAL NUMBER
ISSN HC 1055 .Z7 A283/
050 ## - CALL MARK
Classification number AEPB digest: a monthly publication of abuja environmental protection board
245 #0 - TITLE STATEMENT
Title FCT, Abuja.
260 ## - PUBLICATION, DISTRIBUTION, ETC. (IMPRINT)
Place of publication Abuja Environmental Protection Board, FCT
260 ## - PUBLICATION, DISTRIBUTION, ETC. (IMPRINT)
Name of publisher 2013
260 ## - PUBLICATION, DISTRIBUTION, ETC. (IMPRINT)
Year of publication 11 p. :ill. ; 29 cm.
300 ## - PHYSICAL DESCRIPTION
Number of Pages Nigeria. Abuja Environmental Protection Board--Periodicals. Environmental policy--Nigeria--Abuja (Federal Capital Territory)--Periodicals. Environmental protection--Nigeria--Abuja (Federal Capital erritory)--Periodicals. Abuja (Federal Capital Territory, Nigeria)--Environmental conditions--Periodicals.
650 ## - SUBJECT ADDED ENTRY--TOPICAL TERM
Topical Term SR

No items available.